Fictional Characters by Pictures - F - Statistics

General Stats
  • This quiz has been taken 60 times
  • The average score is 6 of 15
Answer Stats
Picture Answer % Correct
Fred
93%
Fiona
91%
Fred Flintstone
83%
Ferb
76%
Frodo Baggins
57%
Flynn
44%
Freddie
39%
Franklin
33%
Finnick
20%
Flora
15%
Frankie Stein
15%
Four
13%
Freddie Benson
13%
Flynn Jones
6%
Fabrizio
4%
No matching quizzes found
Score Distribution
Percent of People with Each Score
Percentile by Number Answered
Your Score History
You have not taken this quiz